[Event "4th IECC"]
[Site "Istanbul TUR"]
[Date "2003.05.31"]
[Round "2"]
[White "Lastin,A"]
[Black "Reinderman,D"]
[Result "1-0"]
[WhiteElo "2632"]
[BlackElo "2516"]

1.d4 Nf6 2.c4 g6 3.Nc3 Bg7 4.e4 d6 5.Nf3 O-O 6.Be2 e5 7.O-O Nc6 8.d5 Ne7
9.Ne1 Nd7 10.Be3 f5 11.f3 f4 12.Bf2 g5 13.Rc1 Ng6 14.c5 Nxc5 15.b4 Na6 16.Nd3 Rf7
17.Nb5 h5 18.a4 Bh6 19.Nxa7 Bd7 20.b5 Nc5 21.Nc6 Qf6 22.Bxc5 dxc5 23.Nxc5 g4
24.d6 gxf3 25.Bc4 fxg2 26.Nxd7 gxf1=Q+ 27.Kxf1 Qxd6 28.Qxh5 Bg7 29.Rd1 Qxd1+
30.Qxd1 bxc6 31.Qb3 Nh8 32.bxc6 Re8 33.a5  1-0

[Event "IEWCC"]
[Site "Istanbul TUR"]
[Date "2003.06.02"]
[Round "1"]
[White "Johansson,V"]
[Black "Klinova,M"]
[Result "1/2-1/2"]
[WhiteElo "2175"]
[BlackElo "2368"]

1.d4 d6 2.Nf3 Nf6 3.c4 g6 4.Nc3 Bg7 5.e4 O-O 6.Be2 e5 7.O-O Nc6 8.d5 Ne7
9.Nd2 a5 10.Rb1 Bd7 11.b3 c6 12.a3 b5 13.dxc6 b4 14.Nd5 Nxc6 15.Nxf6+ Qxf6
16.Nf3 Bg4 17.Ne1 Be6 18.Nc2 Qe7 19.Qd2 Rfb8 20.Bb2 Bf8 21.axb4 axb4 22.Ra1 Qb7
23.Rfd1 Qb6 24.Qd3 Na5 25.Ne3 Nb7 26.Bg4 Nc5 27.Qc2 Qb7 28.Bxe6 fxe6 29.Ng4 h5
30.Nf6+ Kf7 31.f4 Rxa1 32.Bxa1 exf4 33.e5 Ra8 34.Qf2 Nd3 35.Qd2 dxe5 36.Qxd3 Kxf6
37.Re1 Qb6+ 38.Kf1 Bd6 39.Qe4 Ra5 40.Qxf4+ Ke7 41.Qg5+ Kf7 42.Bxe5 Bxe5 43.Rxe5 Ra1+
44.Re1 Qd4 45.Qg3 Rxe1+ 46.Kxe1  1/2-1/2

[Event "IEWCC"]
[Site "Istanbul TUR"]
[Date "2003.06.02"]
[Round "1"]
[White "Genova,R"]
[Black "Arakhamia,K"]
[Result "0-1"]
[WhiteElo "2239"]
[BlackElo "2413"]

1.d4 Nf6 2.Nf3 g6 3.c4 Bg7 4.Nc3 O-O 5.e4 d6 6.Be2 e5 7.O-O Nc6 8.d5 Ne7
9.Bg5 Nd7 10.Nd2 f5 11.f3 f4 12.Bh4 Bf6 13.Bf2 g5 14.b4 Ng6 15.c5 Be7 16.Qb3 Nf6
17.Nc4 g4 18.cxd6 Bxd6 19.Nb5 g3 20.hxg3 fxg3 21.Bxg3 Nh5 22.Bh2 Ngf4 23.Bxf4 Nxf4
24.Rf2 Rf6 25.Nbxd6 cxd6 26.Kf1 Rg6 27.Ne3 Qh4 28.Ke1 Rxg2 29.Nxg2 Nxg2+
30.Kd2 Qxf2 31.Rc1 Bd7 32.Rc7 Qe1+  0-1

[Event "Golden Cleopatra"]
[Site "Cairo EGY"]
[Date "2003.06.04"]
[Round "4"]
[White "Malakhatko,V"]
[Black "Hassan,Say"]
[Result "1/2-1/2"]
[WhiteElo "2503"]
[BlackElo "2325"]

1.d4 Nf6 2.Nf3 d6 3.c4 g6 4.Nc3 Bg7 5.e4 O-O 6.Be2 e5 7.O-O Nc6 8.d5 Ne7
9.b4 Nh5 10.Re1 f5 11.Ng5 Nf6 12.Bf3 h6 13.Ne6 Bxe6 14.dxe6 c6 15.b5 fxe4
16.Nxe4 Nxe4 17.Bxe4 d5 18.cxd5 cxd5 19.Ba3 dxe4 20.Qxd8 Rfxd8 21.Bxe7 Re8
22.Bc5 Rxe6 23.Rxe4 a6 24.b6 Rc6 25.Be3 Rd8 26.g4 Rd5 27.Kg2 Kf7 28.Rb1 g5
29.Ra4 Bf8 30.Kf3 Ke6 31.Ke4 Be7 32.h3 Bd8 33.Kf3 Be7  1/2-1/2

[Event "4th IECC"]
[Site "Istanbul TUR"]
[Date "2003.06.06"]
[Round "7"]
[White "Lastin,A"]
[Black "Nijboer,F"]
[Result "1-0"]
[WhiteElo "2632"]
[BlackElo "2562"]

1.d4 Nf6 2.c4 g6 3.Nc3 Bg7 4.e4 d6 5.Nf3 O-O 6.Be2 e5 7.O-O Nc6 8.d5 Ne7
9.Ne1 Nd7 10.Be3 f5 11.f3 f4 12.Bf2 g5 13.Rc1 Ng6 14.c5 Nxc5 15.b4 Na6 16.Nd3 Rf7
17.Nb5 Bd7 18.a4 Qe8 19.Nb2 Bf8 20.Qd2 Qd8 21.Rc3 h5 22.Rfc1 g4 23.Nxc7 Nxc7
24.Rxc7 g3 25.Be1 Rc8 26.Rxc8 Bxc8 27.Bf1 Bd7 28.a5 Rg7 29.hxg3 Be7 30.Qc3 Bg5
31.Qc7 Qf8 32.Rc3 fxg3 33.Bxg3 Bd2 34.Rc2 Be3+ 35.Bf2 Bxf2+ 36.Kxf2 Ba4 37.Qc8 Bxc2
38.Qxc2 Qd8 39.Nd3 Rc7 40.Qd2 Kh7 41.Kg1 b6 42.axb6 axb6 43.Qe3 Rc2 44.Ne1 Rc8
45.Nd3 b5 46.f4 exf4 47.Nxf4 Nxf4 48.Qxf4 Qf8 49.Qg5 Rc7 50.e5 Rg7 51.Qxh5+ Kg8
52.Bxb5 dxe5 53.d6 Qc8 54.d7 Qc1+ 55.Bf1 Qe3+ 56.Kh1  1-0

[Event "IEWCC"]
[Site "Istanbul TUR"]
[Date "2003.06.07"]
[Round "5"]
[White "Nill,J"]
[Black "Johansson,V"]
[Result "1-0"]
[WhiteElo "2271"]
[BlackElo "2175"]

1.d4 Nf6 2.c4 g6 3.Nc3 Bg7 4.e4 d6 5.Nf3 O-O 6.Be2 e5 7.O-O Nc6 8.d5 Ne7
9.b4 Nh5 10.Re1 f5 11.Nd2 Nf6 12.a4 Kh8 13.a5 Neg8 14.c5 Bh6 15.Bf3 Bxd2
16.Qxd2 f4 17.Ra3 g5 18.Na4 Ne7 19.b5 g4 20.Bd1 Ng6 21.b6 axb6 22.axb6 Bd7
23.bxc7 Qxc7 24.Nb6 Rxa3 25.Bxa3 dxc5 26.Nxd7 Qxd7 27.Bxc5 Rc8 28.Ba3 f3
29.Qg5 Qf7 30.Bb2 Nd7 31.Ba4 Re8 32.Qxg4 Re7 33.Bxd7 Rxd7 34.Qxf3 Qg7 35.Rc1 h6
36.Qg3 Qf6 37.Qe3 Kh7 38.g3 Rg7 39.Kh1 h5 40.f4 Rf7 41.f5 Nf8 42.Rg1 Rg7
43.Bc1 Nd7 44.Qf3 Qf7 45.g4 hxg4 46.Rxg4 Rxg4 47.Qxg4 Nc5 48.Bb2 Nd7 49.Qh4+ Kg7
50.Qg3+ Kf6 51.Qh4+ Kg7 52.Qg5+ Kh7 53.Kg2 Qe8 54.Bc1 Qc8 55.Bd2 b5 56.Qh6+ Kg8
57.f6  1-0

[Event "IEWCC"]
[Site "Istanbul TUR"]
[Date "2003.06.07"]
[Round "5"]
[White "Peng Zhaoqin"]
[Black "Socko,M"]
[Result "0-1"]
[WhiteElo "2433"]
[BlackElo "2381"]

1.d4 Nf6 2.c4 g6 3.Nc3 Bg7 4.e4 d6 5.Nf3 O-O 6.Be2 e5 7.O-O Nc6 8.d5 Ne7
9.Ne1 Nd7 10.Be3 f5 11.f3 f4 12.Bf2 h5 13.a4 a5 14.Nd3 b6 15.b4 axb4 16.Nb5 Nf6
17.Be1 g5 18.Nf2 g4 19.fxg4 hxg4 20.Nxg4 Bxg4 21.Bxg4 Nxe4 22.Bxb4 Nf5 23.Qc2 Ng5
24.Ra3 Qd7 25.Bd2 c6 26.dxc6 Qxc6 27.Bb4 f3 28.gxf3 Nh4 29.f4 Nhf3+ 30.Kf2 Rxf4
31.Kg3 Ne4+ 32.Kg2 Rxg4+ 33.Kxf3 Nf6+ 34.Ke3 Nd5+  0-1

[Event "ch-Solingen"]
[Site "Solingen GER"]
[Date "2003.06.08"]
[Round "5"]
[White "Podzielny,KH"]
[Black "Onischuk,An"]
[Result "1/2-1/2"]
[WhiteElo "2488"]
[BlackElo "2208"]

1.d4 Nf6 2.Nf3 g6 3.c4 Bg7 4.Nc3 O-O 5.e4 d6 6.Be2 e5 7.O-O Nc6 8.d5 Ne7
9.b4 Nh5 10.g3 f5 11.Ng5 Nf6 12.f3 Ne8 13.c5 h6 14.Ne6 Bxe6 15.dxe6 c6 16.cxd6 Nxd6
17.Be3 Qc7 18.Rc1 Rae8 19.Qb3 Kh7 20.Rfd1 Nec8 21.b5 Qe7 22.bxc6 bxc6 23.Na4 Qxe6
24.Qxe6 Rxe6 25.Rxc6 Rff6 26.Nc5 Re8 27.Ba6 Nxe4 28.Rxf6 Nxf6 29.Nd7 Nb6
30.Nxb6 axb6 31.a4 e4 32.f4 Re6 33.h3 Bf8 34.Bb5 Bb4 35.Rd8 Ba5 36.Kf2 Re7
37.Bd4 Re6 38.Rb8 g5 39.Rb7+ Kg6 40.Bc4 Rd6 41.Bf7+ Kh7 42.Be3 gxf4 43.Bxf4 Rd7
44.Rxd7 Nxd7 45.Be6 Nc5 46.Bxf5+ Kg7 47.Be5+ Kf7 48.Ke3 Nxa4 49.Kxe4 Bc3
50.Bf4 Bg7 51.g4 Nc3+ 52.Kd3 Nd5 53.Bd2 b5 54.Bd7 b4 55.Bc6 Ne7 56.Ba4 Ng6
57.Ke4 Bf8 58.Bb3+ Kg7 59.Be1 Be7 60.Kf5 Nh4+ 61.Ke4 Ng6 62.Bg3 Bf6 63.Kd5 Bc3
64.h4 Ne7+ 65.Kd6 Ng8 66.Ke6 Nf6 67.Kf5 Nd7 68.Bd6 Bf6 69.Ke6 Bxh4 70.Kxd7 Be1
71.Be7 Bd2 72.Ke6 Kg6 73.Bf6 h5 74.Bc2+ Kh6  1/2-1/2

[Event "Golden Cleopatra"]
[Site "Cairo EGY"]
[Date "2003.06.10"]
[Round "9"]
[White "Szuhanek,R"]
[Black "Salem,Z"]
[Result "1/2-1/2"]
[WhiteElo "2427"]
[BlackElo "2319"]

1.Nf3 Nf6 2.c4 g6 3.Nc3 Bg7 4.e4 d6 5.d4 O-O 6.Be2 e5 7.O-O Nc6 8.d5 Ne7
9.b4 a5 10.Ba3 axb4 11.Bxb4 b6 12.a4 Nh5 13.a5 bxa5 14.Bxa5 Nf4 15.Qc2 Bg4
16.Ne1 Bxe2 17.Nxe2 f5 18.Nc3 fxe4 19.Nxe4 Nf5 20.Bc3 Rxa1 21.Bxa1 c6 22.Nd3 cxd5
23.Nxf4 exf4 24.Bxg7 Kxg7 25.cxd5 Kg8 26.Qc3 Qe7 27.Re1 Ne3 28.fxe3 Qxe4
29.exf4 Qxf4 30.h3 Qg5 31.Qd4 Qf6 32.Qe4 Kg7 33.Qe3 Qf4 34.Qc3+ Qf6 35.Re7+ Kg8
36.Qe3 Rf7 37.Re6 Qf1+ 38.Kh2 Rf6 39.Re8+ Kg7 40.Re7+ Kg8 41.Rd7 Qf5 42.Qe8+ Rf8
43.Qe6+ Qxe6 44.dxe6 Re8 45.Rxd6 Re7 46.g4 g5 47.h4 gxh4 48.Kh3 Kg7 49.g5 Kg6
50.Kxh4 h6 51.gxh6 Kxh6 52.Kg4 Kg6 53.Kf4 Kf6  1/2-1/2

[Event "IEWCC"]
[Site "Istanbul TUR"]
[Date "2003.06.11"]
[Round "8"]
[White "Alexandrova,O"]
[Black "Motoc,A"]
[Result "1-0"]
[WhiteElo "2445"]
[BlackElo "2358"]

1.d4 Nf6 2.c4 g6 3.Nc3 Bg7 4.e4 d6 5.Be2 O-O 6.Nf3 e5 7.O-O Nc6 8.dxe5 dxe5
9.Bg5 Qxd1 10.Rfxd1 h6 11.Bxf6 Bxf6 12.Nd5 Bd8 13.h3 Re8 14.c5 Nd4 15.Nxd4 exd4
16.Rxd4 c6 17.Nc3 Bf6 18.Ra4 Bxc3 19.bxc3 Re5 20.Rb1 Rxc5 21.c4 Re5 22.Bd3 Re7
23.f4 Rd7 24.Ra3 c5 25.Be2 Rd4 26.Rd1 Rxd1+ 27.Bxd1 Be6 28.Be2 a6 29.Kf2 Rd8
30.Ra5 Rc8 31.Ke3 Kf8 32.e5 Ke7 33.g4 f6 34.exf6+ Kxf6 35.Ke4 Bf7 36.Bd3 Ke6
37.f5+ Kd6 38.Kf4 g5+ 39.Kf3 Rd8 40.Ra3 Ke5 41.Be2 Rd4 42.Rc3 h5 43.Ke3 Re4+
44.Kf3 Be8 45.Re3 Rxe3+ 46.Kxe3 h4 47.Bf3 b5 48.Bb7 bxc4 49.Bxa6 c3 50.Bb7 Bb5
51.a3 c2 52.Kd2 Ba4 53.Ba6 Kd4 54.Kc1 Bc6 55.Bf1 Kc3 56.f6 Be8 57.Bg2 Kd4
58.Bc6 Bg6 59.a4 c4 60.a5 Kc5 61.Bb7 Bf7 62.a6 Kb6 63.Kxc2 Ka7 64.Kc3 Kb6
65.Kd4 Ka7 66.Bd5 c3 67.Be4 Kxa6 68.Kxc3 Kb6 69.Kd4 Kc7 70.Bd5  1-0

[Event "FIDE Open"]
[Site "Voronezh RUS"]
[Date "2003.06.12"]
[Round "1"]
[White "Lakhno,K"]
[Black "Orlovtsev,A"]
[Result "1-0"]
[WhiteElo "2294"]
[BlackElo "1970"]

1.d4 Nf6 2.Nf3 g6 3.c4 Bg7 4.Nc3 O-O 5.e4 d6 6.Be2 e5 7.O-O Nc6 8.d5 Ne7
9.Ne1 Ne8 10.f3 f5 11.g4 Nf6 12.Nd3 h6 13.Be3 Kh8 14.c5 fxg4 15.fxg4 Neg8
16.Rc1 Bd7 17.h3 Nh7 18.Qe1 Bf6 19.Qg3 Bh4 20.Qh2 Bg5 21.Bxg5 Qxg5 22.Qg3 Rxf1+
23.Rxf1 Rf8 24.Rxf8 Nxf8 25.cxd6 cxd6 26.Qf2 Qf6 27.Qxa7 h5 28.Qf2 hxg4 29.Bxg4 Bxg4
30.hxg4 Kg7 31.Qxf6+ Kxf6 32.Kf2 Nh7 33.b4 Ng5 34.a4 Ke7 35.Ke3 Nf6 36.Nf2 Kd7
37.Nb1 Kc7 38.Nd2 Nd7 39.Nf3 Nf7 40.Nh4 Nf8 41.Kd3 Ng5 42.Ke3 Kd7 43.a5 Kc7
44.b5 Ngh7 45.b6+ Kc8 46.Kd3 Nf6 47.Ke3 Kd8 48.Kf3 N6d7 49.Nd3 Nb8 50.Ke3 Na6
51.Kd2 Ke7 52.g5 Kf7 53.Kc3 Nd7 54.Kc4 Ndc5 55.Nxc5 Nxc5 56.Nf3 Nd7 57.Ne1 Ke7
58.Nd3 Kd8 59.Kb5 Nb8 60.Nb4 Kd7  1-0

[Event "Master Open"]
[Site "Voronezh RUS"]
[Date "2003.06.14"]
[Round "3"]
[White "Tunik,G"]
[Black "Bobrov,I"]
[Result "1-0"]
[WhiteElo "2499"]
[BlackElo "2316"]

1.d4 Nf6 2.c4 g6 3.Nc3 Bg7 4.e4 d6 5.Nf3 O-O 6.Be2 e5 7.O-O Nc6 8.d5 Ne7
9.Ne1 Nd7 10.Be3 f5 11.f3 f4 12.Bf2 g5 13.a4 a5 14.Nd3 b6 15.b4 Ng6 16.bxa5 Rxa5
17.Be1 h5 18.Nb5 Ra8 19.a5 Ba6 20.Nb4 Nc5 21.Nxa6 Rxa6 22.axb6 cxb6 23.Rxa6 Nxa6
24.Bf2 Nc5 25.Qc2 Rf7 26.Ra1 Bf8 27.Qa2 Rb7 28.Nc3 Qc7 29.Kh1 Qc8 30.Qb1 Qc7
31.Ra8 Qd7 32.Qb5 Kf7 33.Qxd7+ Nxd7 34.Nb5 Be7 35.Rc8 Nb8 36.g3 fxg3 37.hxg3 h4
38.gxh4 Nf4 39.Bf1 Kg6 40.hxg5 Kxg5 41.Kg1 Kg6 42.Be3 Kg7 43.Bxf4 exf4 44.e5  1-0

[Event "IHEM"]
[Site "Hamburg GER"]
[Date "2003.06.15"]
[Round "9"]
[White "Stanke,J"]
[Black "Van Delft,M"]
[Result "1-0"]
[WhiteElo "2322"]
[BlackElo "2341"]

1.d4 Nf6 2.c4 g6 3.Nc3 Bg7 4.e4 d6 5.Be2 O-O 6.Nf3 e5 7.O-O Nc6 8.d5 Ne7
9.Ne1 Nd7 10.Nd3 f5 11.Bd2 Nf6 12.f3 Kh8 13.c5 c6 14.Be3 cxd5 15.cxd6 Qxd6
16.Bc5 Qd8 17.exd5 b6 18.Ba3 Bb7 19.Nb4 Bxd5 20.Ncxd5 Nfxd5 21.Qb3 Nf4 22.Ba6 Qd4+
23.Kh1 Qd2 24.Rg1 Bf6 25.Rad1 Qf2 26.g3 Nh3 27.Rgf1 Qc5 28.Nd5  1-0

[Event "FSIM June"]
[Site "Budapest HUN"]
[Date "2003.06.16"]
[Round "10"]
[White "Berczes,D"]
[Black "Werner,Di"]
[Result "1-0"]
[WhiteElo "2324"]
[BlackElo "2359"]

1.d4 Nf6 2.c4 g6 3.Nc3 Bg7 4.e4 O-O 5.Nf3 d6 6.Be2 e5 7.O-O Nc6 8.d5 Ne7
9.Bg5 Nh5 10.Ne1 Nf4 11.Nd3 Nxe2+ 12.Qxe2 h6 13.Be3 c5 14.dxc6 bxc6 15.Rfd1 Qc7
16.f4 f6 17.Rac1 Qb8 18.b3 Be6 19.Rd2 Bf7 20.fxe5 fxe5 21.Nf2 c5 22.Nb5 Nc6
23.Nxd6 Nd4 24.Bxd4 exd4 25.e5 Be6 26.Nd3 Qc7 27.Rdd1 Rad8 28.Rf1 Kh7 29.Rxf8 Bxf8
30.Ne4 Qc6 31.Nf6+ Kg7 32.Rf1 Be7 33.Qe4 Qc8 34.g4 Bf7 35.h3 a5 36.Nf4 Bxf6
37.exf6+ Kh7 38.Nxg6 Qa8 39.Nf8+  1-0

[Event "Master Open"]
[Site "Voronezh RUS"]
[Date "2003.06.17"]
[Round "5"]
[White "Rychagov,A"]
[Black "Morozov,D"]
[Result "0-1"]
[WhiteElo "2556"]
[BlackElo "2335"]

1.d4 Nf6 2.c4 g6 3.Nc3 Bg7 4.e4 d6 5.Nf3 O-O 6.Be2 e5 7.O-O Nc6 8.d5 Ne7
9.b4 Nh5 10.Re1 a5 11.bxa5 f5 12.Nd2 Nf6 13.a4 Rxa5 14.Ba3 b6 15.Bd3 f4 16.Nb5 Ra8
17.Bb4 Ne8 18.Be2 c5 19.dxc6 Nxc6 20.Ba3 Be6 21.Nb3 Rf7 22.Qc2 Rd7 23.Red1 Bf8
24.Nc3 g5 25.h3 Nf6 26.Nd5 Rxa4 27.Nc5 bxc5 28.Qxa4 Nd4 29.Nxf6+ Qxf6 30.Bg4 f3
31.Bb2 Ne2+ 32.Kf1 Bxg4 33.hxg4 fxg2+ 34.Kxe2 Rf7  0-1

[Event "Master Open"]
[Site "Voronezh RUS"]
[Date "2003.06.18"]
[Round "6"]
[White "Khmelnitski,A"]
[Black "Bashkirov,A"]
[Result "1-0"]
[WhiteElo "2483"]
[BlackElo "2108"]

1.d4 Nf6 2.c4 g6 3.Nc3 Bg7 4.e4 d6 5.Nf3 O-O 6.Be2 e5 7.O-O Nc6 8.Be3 Re8
9.dxe5 Nxe5 10.Nxe5 dxe5 11.Qxd8 Rxd8 12.Rfd1 Be6 13.Nb5 Ne8 14.f3 Bf8 15.a3 c6
16.Nc3 Be7 17.Rxd8 Bxd8 18.Rd1 Be7 19.Na4 f6 20.Nc5 Bxc5 21.Bxc5 Kf7 22.Kf2 b6
23.Be3 c5 24.f4 Kg7 25.g4 exf4 26.Bxf4 g5 27.Bg3 Kf7 28.Ke3 Ke7 29.b3 Rd8
30.Rxd8 Kxd8 31.h3 Kd7 32.Bd3 Ng7 33.Kf3 h5 34.Be1 h4 35.Bd2 Bg8 36.e5 Ke6
37.Be4 Ke7 38.exf6+ Kxf6 39.Bc3+ Kf7 40.Bd5+ Ne6 41.Ke4 Ke7 42.Ke5 a5 43.a4 Kd7
44.Kf6 b5 45.axb5 Kd6 46.Be5+ Kd7 47.b6  1-0

[Event "Master Open"]
[Site "Voronezh RUS"]
[Date "2003.06.19"]
[Round "7"]
[White "Rychagov,A"]
[Black "Semenova,Ir"]
[Result "1-0"]
[WhiteElo "2556"]
[BlackElo "2224"]

1.d4 Nf6 2.c4 g6 3.Nc3 Bg7 4.e4 d6 5.Nf3 O-O 6.Be2 e5 7.O-O Nc6 8.d5 Ne7
9.Nd2 a5 10.a3 Nd7 11.Rb1 f5 12.b4 Kh8 13.Qc2 axb4 14.axb4 Nf6 15.f3 c6 16.Kh1 f4
17.Qd1 g5 18.dxc6 Nxc6 19.Nb5 Ne8 20.c5 dxc5 21.bxc5 Qe7 22.Nc4 Rf6 23.Nb6 Rb8
24.Nd5 Qf7 25.Nxf6 Bxf6 26.Bb2 Be6 27.Nd6 Nxd6 28.cxd6 Rd8 29.Bb5 Nd4 30.Bxd4 exd4
31.d7 Bxd7 32.Bxd7 Rxd7 33.Qd3 Be5 34.Rb5 Qg7 35.Qc4 h6 36.Rxe5  1-0

[Event "LXVII ch-CRC"]
[Site "Cenfotec CRC"]
[Date "2003.06.20"]
[Round "7"]
[White "Minero,C"]
[Black "Minero Pineda,S"]
[Result "0-1"]
[WhiteElo "2179"]
[BlackElo "2426"]

1.d4 Nf6 2.c4 g6 3.Nc3 Bg7 4.e4 d6 5.Nf3 O-O 6.Be2 e5 7.O-O Nc6 8.d5 Ne7
9.b4 Nd7 10.Re1 a5 11.Ba3 f5 12.Bf1 b6 13.Nd2 axb4 14.Bxb4 Nc5 15.f3 f4 16.Nb3 g5
17.a4 h5 18.a5 g4 19.Bxc5 bxc5 20.Nd2 Rf7 21.Ra2 Bh6 22.Bd3 Rg7 23.Kh1 Ng6
24.Nf1 Qg5 25.fxg4 Bxg4 26.Be2 Bxe2 27.Qxe2 Nh4 28.Qf2 f3 29.Ne3 Rf8 30.Nf5 fxg2+
31.Kg1 Rxf5 32.exf5 Qg4  0-1

[Event "zt 3.2a"]
[Site "Ho Chi Minh City VIE"]
[Date "2003.06.24"]
[Round "5"]
[White "Chan Peng Kong"]
[Black "To Quoc Khanh"]
[Result "1/2-1/2"]
[WhiteElo "2349"]
[BlackElo "2299"]

1.d4 Nf6 2.c4 g6 3.Nc3 Bg7 4.e4 d6 5.Be2 O-O 6.Nf3 e5 7.O-O Nc6 8.d5 Ne7
9.b4 Nh5 10.Re1 Nf4 11.Bf1 a5 12.bxa5 Rxa5 13.a4 c5 14.Ra3 h6 15.Nb5 g5 16.Nd2 Ra6
17.g3 Nfg6 18.Be2 Qd7 19.Nf1 f5 20.exf5 Nxf5 21.Bg4 Qf7 22.Rf3 e4 23.Rxe4 Ne5
24.Rxe5 Bxe5 25.Bxf5 Bxf5 26.Ne3 Qh5 27.Nc7 Rb6 28.h3 Qxh3 29.Rxf5 Rxf5 30.Qc2 Rf7
31.Qg6+ Bg7 32.Ne6 Rb3 33.Nxg7 Rxg7 34.Qe8+ Kh7 35.Qe4+ Kh8 36.Nf5 Rg8 37.Qc2 Re8
38.Bb2+ Kg8 39.Ne3 Rxb2 40.Qg6+  1/2-1/2

[Event "White Nights"]
[Site "St Petersburg RUS"]
[Date "2003.06.30"]
[Round "2"]
[White "Ovod,E"]
[Black "Yandarbiev,R"]
[Result "1-0"]
[WhiteElo "2296"]
[BlackElo "2391"]

1.d4 Nf6 2.c4 g6 3.Nc3 Bg7 4.e4 d6 5.Nf3 O-O 6.Be2 e5 7.O-O Nc6 8.d5 Ne7
9.b4 Nh5 10.Re1 f5 11.Ng5 Nf6 12.Bf3 c6 13.Be3 cxd5 14.cxd5 fxe4 15.Ngxe4 Nxe4
16.Nxe4 Nf5 17.Bg5 Qb6 18.g4 Nd4 19.Bg2 Bd7 20.h3 Rac8 21.Be7 Rf4 22.Nxd6 Nc2
23.Re2 Nxa1 24.Nxc8 Qa6 25.Bf1 Bxc8 26.Qxa1 Qd3 27.Qc1 Bd7 28.Rd2 Qe4 29.Bg2 Qc4
30.Rc2 Qd4 31.a3 h5 32.Bg5 Rf7 33.Rd2 Qb6 34.gxh5 gxh5 35.d6 Be6 36.d7 Bxd7
37.Rxd7 Qxf2+ 38.Kh1 e4 39.Rxf7 Kxf7 40.Qf4+ Qxf4 41.Bxf4  1-0

[Event "White Nights"]
[Site "St Petersburg RUS"]
[Date "2003.06.30"]
[Round "2"]
[White "Mirovshchikov,S"]
[Black "Ekdyshman,M"]
[Result "0-1"]
[WhiteElo "2396"]
[BlackElo "2448"]

1.Nf3 Nf6 2.c4 g6 3.Nc3 Bg7 4.e4 d6 5.d4 O-O 6.Be2 e5 7.O-O Nc6 8.d5 Ne7
9.Nd2 c5 10.dxc6 bxc6 11.b4 d5 12.Ba3 a6 13.Re1 Re8 14.Bf3 Be6 15.Rc1 Ra7
16.Qa4 Qb8 17.Bb2 a5 18.b5 d4 19.Ncb1 Bd7 20.Be2 Rb7 21.Ba3 cxb5 22.cxb5 Nc8
23.Bc5 Bh6 24.Qxa5 Bxb5 25.a4 Bxe2 26.Rxe2 Nd7 27.Ba3 Ra7 28.Qb5 Qxb5 29.axb5 d3
30.Re3 Bxe3 31.fxe3 Ra5 32.Rc3 Rxb5 33.Rxd3 Nf6 34.Nc3 Ra5 35.Nc4 Ra7 36.Nb5 Rb7
37.Nbd6 Nxd6 38.Nxd6 Rd8 39.Rc3 Rxd6  0-1

[Event "4th Open"]
[Site "Marseille FRA"]
[Date "2003.07.02"]
[Round "7"]
[White "Vincensini,E"]
[Black "Leygue,D"]
[Result "0-1"]
[WhiteElo "2051"]
[BlackElo "2253"]

1.d4 Nf6 2.Nf3 g6 3.c4 Bg7 4.Nc3 d6 5.e4 O-O 6.Be2 e5 7.O-O Nc6 8.d5 Ne7
9.b4 Nh5 10.Re1 f5 11.Ng5 Nf6 12.Bf3 f4 13.c5 h6 14.Ne6 Bxe6 15.dxe6 d5 16.Rb1 d4
17.Nb5 Qc8 18.Qb3 g5 19.Bd1 g4 20.Bd2 Kh7 21.Rc1 Ng6 22.e7 Nxe7 23.Nd6 cxd6
24.cxd6 Qd7 25.dxe7 Qxe7 26.b5 Rfc8 27.Bb4 Qd7 28.Bc2 Qxb5 29.Bd3 Qd7 30.Bc4 Qc6
31.Be6 Qxc1 32.Bxc8 Rxc8  0-1

[Event "White Nights"]
[Site "St Petersburg RUS"]
[Date "2003.07.02"]
[Round "4"]
[White "Smirnov,Ar"]
[Black "Shchukin,D"]
[Result "1-0"]
[WhiteElo "2368"]
[BlackElo "2419"]

1.d4 Nf6 2.c4 g6 3.Nc3 Bg7 4.e4 d6 5.Nf3 O-O 6.Be2 e5 7.O-O Nc6 8.d5 Ne7
9.Ne1 Nd7 10.Be3 f5 11.f3 f4 12.Bf2 g5 13.a4 h5 14.Nb5 a6 15.Na7 Rxa7 16.Bxa7 Nf6
17.c5 g4 18.cxd6 cxd6 19.Qb3 Ng6 20.Rc1 g3 21.Qb6 Qe7 22.Rc7 Nd7 23.Qb4 a5
24.Qc3 Qh4 25.h3 Nb6 26.Bb5 Bxh3 27.gxh3 Qxh3 28.Qc2 Na8 29.Rxb7 Rf7 30.Rxf7 Kxf7
31.Qg2 Qc8 32.Qc2 Qb7 33.Bf2 Ne7 34.Bc6 gxf2+ 35.Rxf2 Qa7 36.Bxa8 Qxa8 37.Qc7  1-0

[Event "ch-BEL"]
[Site "Eupen BEL"]
[Date "2003.07.05"]
[Round "1"]
[White "Van der Stricht,G"]
[Black "Ahn,M"]
[Result "1-0"]
[WhiteElo "2450"]
[BlackElo "2277"]

1.d4 Nf6 2.c4 g6 3.Nc3 Bg7 4.e4 d6 5.Be2 O-O 6.Nf3 e5 7.O-O Nc6 8.d5 Ne7
9.b4 Nh5 10.Re1 Nf4 11.Bf1 a5 12.bxa5 Rxa5 13.a4 c5 14.Ra3 Ra6 15.Be3 h6
16.Nd2 g5 17.Nb3 f5 18.exf5 Bxf5 19.Nd2 Qe8 20.Nde4 Qg6 21.Qb1 Nc8 22.a5 b6
23.Qb5 Rxa5 24.Rxa5 bxa5 25.Bd2 g4 26.Qxa5 h5 27.Qc7 Bh6 28.Kh1 h4 29.g3 hxg3
30.hxg3 Nh3 31.Bxh6 Qxh6 32.Bxh3 gxh3 33.f3 Kh8 34.Kh2 Qh5 35.Rf1 Qh6 36.Re1 Qh5
37.Rf1 Qh6 38.Rb1 Qg6 39.Rb7 Rg8 40.g4 Bxe4 41.Nxe4 Rf8 42.Qd7 Qg8 43.Nxd6 Qg6
44.Ne4 Kg8 45.g5 Nb6 46.Qe6+ Qxe6 47.dxe6  1-0

[Event "31st World Open"]
[Site "Philadelphia USA"]
[Date "2003.07.05"]
[Round "6"]
[White "Kiriakov,P"]
[Black "Chiong,L"]
[Result "1-0"]
[WhiteElo "2553"]
[BlackElo "2373"]

1.d4 Nf6 2.c4 g6 3.Nc3 Bg7 4.e4 d6 5.Nf3 O-O 6.Be2 e5 7.O-O Nc6 8.d5 Ne7
9.Ne1 Nd7 10.Be3 f5 11.f3 f4 12.Bf2 h5 13.a4 a5 14.Nd3 b6 15.b4 g5 16.bxa5 bxa5
17.c5 Ng6 18.Nb5 Nf6 19.Rc1 Rf7 20.cxd6 cxd6 21.Rc6 Ne8 22.Bb6 Qf6 23.Nf2 Bf8
24.Qc2 Bd7 25.Rc3 Qg7 26.h3 Nh4 27.Rc1 Nf6 28.Qd1 Qg6 29.Nc7 Rb8 30.Bxa5 Bh6
31.Ne6 g4 32.fxg4 f3 33.gxf3 hxg4 34.hxg4 Nh5 35.Rb1 Ra8 36.Bd8 Bxa4 37.Qe1 Rxd8
38.Nxd8 Rf8 39.Ne6 Re8 40.Nh3 Qf6 41.g5 Bxg5 42.Nhxg5 Ng6 43.f4  1-0

[Event "31st World Open"]
[Site "Philadelphia USA"]
[Date "2003.07.06"]
[Round "8"]
[White "Fang,J"]
[Black "Burden,J"]
[Result "1-0"]
[WhiteElo "2314"]
[BlackElo "2124"]

1.Nf3 g6 2.c4 Bg7 3.e4 d6 4.d4 Nf6 5.Nc3 O-O 6.Be2 e5 7.O-O Nc6 8.d5 Ne7
9.Ne1 Nd7 10.Be3 f5 11.f3 f4 12.Bf2 g5 13.a4 a5 14.Nd3 Rf7 15.c5 Nf6 16.Rc1 Ng6
17.cxd6 cxd6 18.Kh1 h5 19.Qb3 g4 20.Bb6 Qe7 21.Nb5 Ne8 22.Nc7 Nxc7 23.Rxc7 Qh4
24.Rfc1 Rxc7 25.Rxc7 Bf8 26.Qc3 gxf3 27.gxf3 Bh3 28.Nf2 Be7 29.Nxh3 Qxh3
30.Qe1 Kf7 31.Qf1 Qh4 32.Bb5 Qg5 33.Bd7 Nh4 34.Qh3 Kg7 35.Be6 Kh6 36.Bf2 Rb8
37.Rxe7 Nxf3 38.Rf7 Nd2 39.Bh4 Rg8 40.Bxg5+ Rxg5 41.Bf5  1-0

[Event "31st World Open"]
[Site "Philadelphia USA"]
[Date "2003.07.06"]
[Round "8"]
[White "Kiriakov,P"]
[Black "Muhammad,S"]
[Result "1-0"]
[WhiteElo "2553"]
[BlackElo "2397"]

1.d4 Nf6 2.c4 g6 3.Nc3 Bg7 4.e4 d6 5.Nf3 O-O 6.Be2 e5 7.O-O Nc6 8.d5 Ne7
9.Ne1 Nd7 10.Be3 f5 11.f3 f4 12.Bf2 g5 13.a4 a6 14.a5 Rf6 15.Nd3 Rh6 16.Be1 Rg6
17.Na4 h5 18.h3 Nf6 19.Nf2 Bd7 20.c5 Rb8 21.cxd6 cxd6 22.Nb6 Be8 23.Bb4 Bf8
24.Rc1 Rg7 25.Qc2 Ng6 26.Rfd1 Nh4 27.Rd3 g4 28.fxg4 hxg4 29.hxg4 f3 30.Bxf3 Bb5
31.Rc3 Nxf3+ 32.Rxf3 Nxg4 33.Nxg4 Rxg4 34.Qc7 Qxc7 35.Rxc7 Rxe4 36.Rg3+ Kh8
37.Bd2 Rd4 38.Bg5 Bg7 39.Nc8 Rc4 40.Rxc4 Bxc4 41.Ne7  1-0

[Event "ch-SWE"]
[Site "Umea SWE"]
[Date "2003.07.07"]
[Round "8"]
[White "Ahlander,B"]
[Black "Olsson,An"]
[Result "0-1"]
[WhiteElo "2389"]
[BlackElo "2383"]

1.d4 Nf6 2.c4 g6 3.Nc3 Bg7 4.e4 d6 5.Be2 O-O 6.Nf3 e5 7.O-O Nc6 8.d5 Ne7
9.b4 Nh5 10.c5 f5 11.Ng5 Nf4 12.cxd6 cxd6 13.Bxf4 exf4 14.Rc1 h6 15.Ne6 Bxe6
16.dxe6 Bxc3 17.Rxc3 fxe4 18.Bb5 Qb6 19.Bd7 d5 20.Rc5 Rf5 21.a3 Raf8 22.Re1 h5
23.Qd4 Rg5 24.a4 f3 25.g3 h4 26.a5 Qd6 27.Rxe4 hxg3 28.hxg3 Rxg3+ 29.Kf1 Rh3
30.Ke1 b6 31.axb6 axb6 32.Rc3 Nf5 33.Rc6 dxe4 34.Rxd6 e3 35.Qxe3 Nxe3 36.Rc6 Nd5
37.Kd2 Rh2 38.Kd3 Rxf2 39.Rd6 Ne7 40.Kd4 Rd2+  0-1

[Event "Andorra"]
[Site "Andorra la Vella AND"]
[Date "2003.07.08"]
[Round "4"]
[White "Eljanov,P"]
[Black "Paunovic,D"]
[Result "1-0"]
[WhiteElo "2574"]
[BlackElo "2496"]

1.d4 Nf6 2.Nf3 g6 3.c4 Bg7 4.Nc3 O-O 5.e4 d6 6.Be2 e5 7.O-O Nc6 8.d5 Ne7
9.b4 Nh5 10.Re1 Kh8 11.Nd2 Nf4 12.Bf1 f5 13.g3 Nh5 14.exf5 Nxf5 15.Nde4 Nd4
16.Bg2 Nf6 17.Bg5 Bf5 18.Nb5 Nxb5 19.cxb5 Qd7 20.Bxf6 Bxf6 21.Qe2 Bxe4 22.Bxe4 a6
23.bxa6 Rxa6 24.a3 Bg5 25.h4 Bh6 26.Kg2 Kg7 27.h5 Qf7 28.hxg6 hxg6 29.Rh1 Rfa8
30.Qd3 Bg5 31.Rh3 Rf8 32.Qe2 Raa8 33.Rah1 Rh8 34.Rxh8 Rxh8 35.Rxh8 Kxh8 36.Qg4 Bc1
37.a4 Kg7 38.Qe2 Qd7 39.Qc2 Ba3 40.Qc3 Qg4 41.f3 Qg5 42.Qxc7+ Kh6 43.Qxd6 Bc1
44.Qf8+ Kh7 45.Qf7+ Kh6 46.Qf8+ Kh7 47.d6  1-0

[Event "Junior Open"]
[Site "Saint Lo FRA"]
[Date "2003.07.10"]
[Round "2"]
[White "L'Huillier,T"]
[Black "Butkiewicz,L"]
[Result "1-0"]
[WhiteElo "2188"]
[BlackElo "2073"]

1.d4 Nf6 2.c4 g6 3.Nc3 Bg7 4.e4 d6 5.Nf3 O-O 6.Be2 e5 7.O-O Nc6 8.d5 Ne7
9.b4 a5 10.bxa5 Rxa5 11.a4 Nd7 12.Ba3 f5 13.Bb4 Ra8 14.Ng5 Nc5 15.f3 h6 16.Bxc5 dxc5
17.Ne6 Bxe6 18.dxe6 Qd4+ 19.Qxd4 exd4 20.Nd5 Nxd5 21.cxd5 d3 22.Bxd3 Bxa1
23.Rxa1 Rfd8 24.Bc4 Kf8 25.e5 Ke7 26.Rb1 b6 27.Ra1 Ra5 28.Ra2 g5 29.Kf2 b5
30.axb5 Rxa2+ 31.Bxa2 Ra8 32.Bc4 Rb8 33.g4 fxg4 34.fxg4 Kf8 35.Ke3 Ra8 36.d6 cxd6
37.exd6 Ra1 38.e7+ Ke8 39.Bd5 Re1+ 40.Kf2 Re5 41.Bc6+ Kf7 42.b6  1-0